| LEADER 00000nas 2200000uu 4500 |
| 001 210344 |
| 003 ULIBM |
| 008 150203s||||||||th 000 0 tha d |
| 022 0 ^a1351-0126
|
| 041 0 ^aeng
|
| 090 ^aSERIALS 2011
|
| 245 10 ^aJournal of Psychiatric and Mental Health Nursing [Journal]
|
| 260 ^aOxford,OX : ^bWiley-Blackwell,^c2011
|
| 310 ^aรายเดือน
|
| 500 ^a[ลำดับที่ 65] วารสารเย็บเล่ม
|
| 650 4 ^aPsychiatric ^xPeriodicals
|
| 650 4 ^aMantal Health ^xNursing ^xPeriodicals
|
| 850 ^aVol.18 No.5 June 2011;Vol.18 No.6 August 2011;Vol.18 No.7 September 2011;Vol.18 No.8 October 2011;Vol.18 No.9 November 2011;Vol.18 No.10 December 2011
|
| 999 ^aใช้งานได้ทุกระบบ
|